01389nas a2200277 i 450000500170000000700030001700800470002001100150006702000140008204000300009604100080012610000380013424500540017226400660022630000560029231000140034833600280036233700350039033800300042536200420045550000710049750000350056850000240060352004310062765000530105820260304145657.0ta260303e2015 dr fn p|ro || |ospa ||spa|  a2018  a2413-7707 aDO-SdBNPbspacBNPHUerda hspa aHallal, Farah,d1975-edirector/a aFuáquiti crítico y divertido /cFarah Hallal. aSanto Domingo, República Dominicana : bFuáquiti, c2015. avolumen : bilustraciones, fotografías ; c41 cm. aSemanal.  atextobtxt 2rdacontent asin mediación bn 2rdamedia avolumen bnc 2rdacarrier aAño 1. Número 1, septiembre 2015. aCatalogación basada en el: Año 1. Número 1, septiembre 2015. aSemanario de humor político. aEdición gratuita. aFuáquiti: una fiesta de apaga y vámonos. Hoy, sin lugar a dudas, es un día de fiesta. Y no sólo para el equipo de Fuáquiti, que empieza a celebrar que ya, por fin, este semanario está en tus manos. También lo debe ser para la gente común y corriente, como tú y como yo, que necesitamos de medios de comunicación que de verdad nos orienten, en vez de aupar a quienes hacen de este país un Arroz con mango. 0aHumorismo dominicanovPublicaciones periódicas